000 00376 a2200109 4500
001 ART_5555
005 20260410161827.0
008 260409a
245 1 0 _aCondiciones socioeconómicas, conflicto social y reforma agraria en América Central
100 1 _aLiboreiro, Ernesto
773 0 _tEstudios Económicos
_g- Vol. 3, Nº 5/6 (ene./dic. 1984)
_wREV5080
999 _c22909
_d22909